000 01552cam a2200445 i 4500
001 55191
003 KOSZ 005
005 20201112122437.0
008 080506s2006 pl a f f |001 0 pol
015 _aPB 2005/11056
020 _a8389574764
035 _a(OCoLC)749669461
040 _aWA N
_cWA N
_dKOSZ 005/HR
046 _k2005
080 _a32.019.5
080 _a316.6
080 _a(075.8)
100 1 _aCwalina, Wojciech
_d(1971- )
_eAutor
245 1 0 _aMarketing polityczny :
_bperspektywa psychologiczna /
_cWojciech Cwalina, Andrzej Falkowski.
260 _aGdańsk :
_bGdańskie Wydawnictwo Psychologiczne,
_c2006.
300 _a670 s. :
_bil., fot., portr., wykr. ;
_c25 cm.
336 _2rdacontent
_aTekst
_btxt
337 _2rdamedia
_aBez urządzenia pośredniczącego
_bn
338 _2rdacarrier
_aWolumin
_bnc
380 _aKsiążki
388 _a2001-
490 1 _aPsychologia Polityczna.
504 _aBibliogr. s. 617-653. Indeksy.
650 4 _aMarketing polityczny
650 4 _aPsychologia społeczna
655 4 _aPodręczniki akademickie
658 _aPolityka, politologia, administracja publiczna
658 _aZarządzanie i marketing
658 _aPsychologia
700 1 _aFalkowski, Andrzej
_d(1953- )
_eAutor
710 2 _aGdańskie Wydawnictwo Psychologiczne
_4pbl.
830 0 _aPsychologia Polityczna
856 _uhttp://koha.tu.koszalin.pl/cgi-bin/koha/opac-detail.pl?biblionumber=55191
_yKatalog online BPK
942 _2UKD
_cKS
999 _c55191
_d55191